Open Data Biblioteca Nacional de Portugal


República Portuguesa: Ministério da Cultura
Biblioteca Nacional de Portugal

Catálogo da BNP: acesso por Identificadores Unívocos
Registos Bibliográficos associados ao registo de autoridade

Etiqueta de registo: 00254nam 2200025 450
001 2283229
003 http://id.bnportugal.gov.pt/bib/catbnp/2283229
021 ## $aPT$b534587/24
100 ## $a20260330d2024 m y0pory01030103ba
101 0# $apor
102 ## $aPT
105 ## $aa z 000yy
106 ## $ar
200 1# $aS. Lourenço da Montaria$fArmando de Jesus Martins Paula$gapresentação Francisco José Carneiro Fernandes
205 ## $a1ª ed
210 #9 $aViana do Castelo$cADCM - Associação Desportiva e Cultural Montariense,$d2024
215 ## $a144 p.$cil.$d21 cm
532 12 $aSão Lourenço da Montaria
675 ## $a908(469.111-22)$vBN$zpor$31997003
700 #1 $aPaula,$bArmando de Jesus Martins,$f1952-$31994241
702 #1 $aFernandes,$bFrancisco José Carneiro,$f1953-$4450$328711
801 #0 $aPT$bBN$gRPC
856 41 $uhttp://rnod.bnportugal.gov.pt/ImagesBN/winlibimg.aspx?skey=&doc=2283229&img=221787&save=true
900 ## $aBIBNAC$d20260507
966 ## $lBN$mFGMON$sH.G. 89136 V.$x1
966 ## $lBN$mFGMON$sH.G. 89136 V.-D$x1
971 ## $cabrito$d20260330
972 ## $e0$z0$d20260507$vlrevez
973 ## $ctrodrigues$d20260427
975 ## $e0$d20260518$viquintas

OpendataBNP@bnportugal.pt | Mais informação sobre acesso aos dados BNP